La Gestió dels mercats municipals / redacció: Marçal Tarragó i Balagué Marçal Tarragó i Balagué
ISBN:
84-7794-713-9
Descripción Física:
55 p. ; 30 cm
Colección:
Quaderns de promoció econòmica local ; 2
Materias:
Mercats -- Catalunya -- Administració
MARC
| LEADER | 00000nam a2200000Ia 4500 | ||
|---|---|---|---|
| 001 | 12707 | ||
| 008 | 160829s2000 xx 000 0 cat d | ||
| 020 | |a 84-7794-713-9 | ||
| 080 | |a M-1-159 | ||
| 100 | |a Tarragó i Balagué, Marçal |9 23580 | ||
| 245 | |a La Gestió dels mercats municipals / redacció: |b Marçal Tarragó i Balagué | ||
| 260 | |a Barcelona : |b Diputació de Barcelona, Servei de Promoció Econòmica Local, |c 2000 | ||
| 300 | |a 55 p. ; |c 30 cm | ||
| 490 | |a Quaderns de promoció econòmica local ; 2 | ||
| 650 | |a Mercats |x Catalunya |x Administració |9 23581 | ||
| 901 | |a Arxiu | ||
| 942 | |n 1 | ||
| 952 | |0 0 |1 0 |4 0 |6 M1159 |7 1 |9 42763 |a Arxiu |b Arxiu |d 2016-12-01 |l 0 |o M-1-159 |p 12707 |r 2016-12-01 00:00:00 |w 2016-12-01 |y ARXIU | ||
| 999 | |c 45269 |d 45269 | ||